00658nam a2200145 a 450000100100000000500170001000800410002704000250006810000370009324501970013026000350032730000280036295201050039099900170049500003890020201002031419.0130502s2004 dr a 000 0 spa d aDO-SdBNPbspacBNPHU1 aPércival Peña, Rafael96516810aSoluciones al desgaste de nuestra aviación :bestrategia de crear el centro de capacitación aeronáutico y el impacto del desgaste de la aviación dominicana /cRafael Pércival Peña. aSanto Domingo :bMente,c2004. a161 p. :bil. ;c21 cm. 0010718PDaPDbPDcCTd2013-05-02iLF1l0o p38900-10r2020-06-25w2020-06-25yLFPDZNo se presta c38390d38390